00423 2200157 4500001002100000005001500021035002000036245008100056100001800137300002600155260002800181082000800209084001400217020002200231990001200253INLIS00000000000295520250917113344 a0010-09250003021 aGommawo Saranghae :bMencintai Sebuah Penantian Tanpa Akhir /cKeisha Sarang0 aKeisha Sarang a184 hlm ;c13 x 19 cm aJakarta :bZettu,c2012 a813 a813 KEI g a978-602-7735-08-8 a0755678